Statistiken für EM Kader 2020 Kroatien

Klicken Sie hier um das Quiz zu spielen!

Allgemein

  • Dieses Quiz wurde 23 mal gespielt
    (8 seit der letzten Aktualisierung)
  • Das Durchschnittsergebnis liegt bei 16 aus 27

Antwortstatistiken

PositionVereinAntwort% Korrekt
DFBesiktasDomagoj Vida
100%
MFInterIvan Perišic
88%
MFReal MadridLuka Modric
88%
STHoffenheimAndrej Kramaric
75%
STAC MilanAnte Rebic
75%
STDinamo ZagrebBruno Petkovic
75%
DFZenit St. PetersburgDejan Lovren
75%
GKDinamo ZagrebDominik Livakovic
75%
MFInterMarcelo Brozovic
75%
MFAtalantaMario Pašalic
75%
MFChelseaMateo Kovacic
75%
DFAtletico MadridŠime Vrsaljko
75%
DFRangersBorna Barišic
63%
STVfL WolfsburgJosip Brekalo
63%
MFGenoaMilan Badelj
63%
STDinamo ZagrebMislav Oršic
63%
TrainerKroatienZlatko Dalic
63%
STOsasunaAnte Budimir
50%
DFOL LyonDuje Caleta-Car
50%
MFCSKA MoskvaNikola Vlasic
50%
DFLilleDomagoj Bradaric
38%
DFDinamo ZagrebJosko Gvardiol
38%
GKHajduk SplitLovre Kalinic
38%
MFDinamo ZagrebLuka Ivanušec
25%
MFNK OsijekMile Škoric
25%
GKLuton TownSimon Sluga
25%
DFLegia WarszawaJosip Juranovic
13%

Verteilung der Resultate

Perzentil nach korrekt beantworteten Fragen

Anzahl Personen mit jedem Resultat

Ihre Resultats-Entwicklung

Sie haben dieses Quiz seit der letzten Aktualisierung nicht gespielt